000 00676nam a2200241 i 4500
001 C2-0067770
003 PPAK
005 20190630222124.0
008 970312s1995 njua|||| ||||| | eng d
020 _a0132096692
040 _aPPAK
_beng
_cPPAK
_erda
082 0 4 _a025.04
_223
090 0 0 _a025.04
_bCLA
_dR
100 1 _aClark, Michael,
_eauthor
245 1 0 _aCultural treasurers of the Internet
264 1 _aNew Jersey :
_bPrentice Hall ,
_c1995
300 _axxvii, 313 pages :
_billustrations ;
_c23 cm
336 _2rdacontent
_atext
337 _2rdamedia
_aunmediated
338 _2rdacarrier
_avolume
650 1 0 _aInternet (Computer network)
942 _ddc
_cB
999 _c7683
_d7683